Využitie odpadových materiálov na báze plastov ako plniva do ľahkých betónov.

Gespeichert in:
Bibliographische Detailangaben
1. Verfasser: Hudecová, Alžbeta (Verfasst von)
Weitere Verfasser: Ledererová, Miriam (Betreuung Doktorarbeit)
Format: Manuskript Buch
Sprache:Slowakisch
Veröffentlicht: 2017
Schlagworte:
Online-Zugang:http://is.stuba.sk/zp/portal_zp.pl?podrobnosti=125332
https://opac.crzp.sk/?fn=detailBiblioForm&sid=877A1C170D2F97A1DD34A02BFB25
Tags: Tag hinzufügen
Keine Tags, Fügen Sie das erste Tag hinzu!

MARC

LEADER 00000ntm a22000003a 4500
001 stuzp63431
003 SK-STU
005 20230811122323.4
007 ta
008 150427s2015----xo-----f-mn---000-0-slo-d
040 |a STU  |b slo 
041 0 |a slo 
100 1 |a Hudecová, Alžbeta  |u 010260  |4 aut  |U SvF Stavebná fakulta  |T SvF Katedra materiálového inžinierstva  |X 7580  |U V260  |Y 27  |7 7580 
242 0 1 |a The Aplication of Plastic Waste Materials as a Filler of Lightweight Concretes  |y eng 
245 1 0 |a Využitie odpadových materiálov na báze plastov ako plniva do ľahkých betónov. 
260 |c 2017 
650 4 |a ľahký betón  |2 slo 
650 4 |a káblový recyklát  |2 slo 
650 4 |a organické plnivo  |2 slo 
650 4 |a plastový odpad  |2 slo 
650 4 |a expandovaný polypropylén  |2 slo 
650 4 |a lightweight concrete  |2 eng 
650 4 |a organic filler  |2 eng 
650 4 |a recycled cable  |2 eng 
650 4 |a expanded polypropylene  |2 eng 
650 4 |a plastic waste  |2 eng 
700 1 |a Ledererová, Miriam  |u 010260  |k Z1  |4 ths  |U SvF Stavebná fakulta  |T SvF Katedra materiálového inžinierstva  |X 812  |U V260  |Y 27  |7 A000000812 
856 4 |u http://is.stuba.sk/zp/portal_zp.pl?podrobnosti=125332 
856 4 |u https://opac.crzp.sk/?fn=detailBiblioForm&sid=877A1C170D2F97A1DD34A02BFB25